LEADER 01578 am 2200469 n 450 001 9910304148503321 005 20181114 010 $a2-37906-013-4 035 $a(CKB)4100000007389846 035 $a(FrMaCLE)OB-psn-10124 035 $a(oapen)https://directory.doabooks.org/handle/20.500.12854/55849 035 $a(PPN)234056088 035 $a(EXLCZ)994100000007389846 100 $a20190109j|||||||| ||| 0 101 0 $afre 135 $auu||||||m|||| 181 $ctxt$2rdacontent 182 $cc$2rdamedia 183 $acr$2rdacarrier 200 10$aPavese $ePrison de l'imaginaire, lieu de l'écriture /$fPhilippe Renard 210 $aParis $cPresses Sorbonne Nouvelle$d2018 215 $a1 online resource (239 p.) 311 $a2-87854-057-3 330 $aLe livre que Philippe Renard a consacré a Cesar Pavese dans le courant des années 70 s'est imposé comme une lecture d'une grande originalité, qui occupe désormais une place de choix dans la bibliographie française et étrangère. Les Presses de la Sorbonne Nouvelle proposent la réedition de cet ouvrage. 606 $aLiterature, Romance 606 $aItalie 606 $alittérature 606 $amythe 610 $aItalie 610 $alittérature 610 $amythe 615 4$aLiterature, Romance 615 4$aItalie 615 4$alittérature 615 4$amythe 676 $a853/.912 700 $aRenard$b Philippe$0198129 801 0$bFR-FrMaCLE 906 $aBOOK 912 $a9910304148503321 996 $aPavese$9139111 997 $aUNINA LEADER 01412nas 2200445 a 450 001 996210889703316 005 20230627152432.0 011 $a2053-7905 035 $a(OCoLC)50049423 035 $a(CKB)954928534075 035 $a(CONSER) 2009250544 035 $a(EXLCZ)99954928534075 100 $a20020624b19801990 uy 101 0 $aeng 135 $aurun|||||| 200 10$aIEE proceedings$hA$iPhysical Science, Measurement and Instrumentation, Management and Education 210 $a[Stevenage, Eng.] $cInstitution of Electrical Engineers$d1988-1990 300 $aRefereed/Peer-reviewed 311 $a0143-702X 606 $aElectrical engineering$vPeriodicals 606 $aElectronics$vPeriodicals 606 $aE?lectrotechnique 606 $aE?lectronique$2rasuqam 606 $aE?lectrotechnique$2rasuqam 606 $aElectrical engineering$2fast$3(OCoLC)fst01728596 606 $aElectronics$2fast$3(OCoLC)fst00907538 608 $aPeriodicals.$2fast 615 0$aElectrical engineering 615 0$aElectronics 615 6$aE?lectrotechnique. 615 7$aE?lectronique. 615 7$aE?lectrotechnique. 615 7$aElectrical engineering. 615 7$aElectronics. 676 $a621.3/05 712 02$aInstitution of Electrical Engineers. 906 $aJOURNAL 912 $a996210889703316 996 $aIEE proceedings$9972145 997 $aUNISA LEADER 03748nam 2200793 450 001 9910822240003321 005 20230415172628.0 010 $a1-64469-646-0 010 $a1-64469-645-2 024 7 $a10.1515/9781644696453 035 $a(MiAaPQ)EBC6817930 035 $a(Au-PeEL)EBL6817930 035 $a(CKB)19934886100041 035 $a(OCoLC)1264177390 035 $a(DE-B1597)600384 035 $a(DE-B1597)9781644696453 035 $a(EXLCZ)9919934886100041 100 $a20230415d2021 uy 0 101 0 $aeng 135 $aurcnu|||||||| 181 $ctxt$2rdacontent 182 $cc$2rdamedia 183 $acr$2rdacarrier 200 00$aRussian TV Series in the Era of Transition $eGenres, Technologies, Identities /$fedited by Alexander Prokhorov, Elena Prokhorova, and Rimgaila Salys 210 1$aBoston :$cAcademic Studies Press,$d[2021] 210 4$d©2021 215 $a1 online resource (278 pages) 225 1 $aFilm and Media Studies 311 08$aPrint version: Prokhorov, Alexander Russian TV Series in the Era of Transition Boston, MA : Academic Studies Press,c2021 9781644696439 327 $tFrontmatter -- $tContents -- $tNote on Transliteration -- $tIntroduction -- $tThe Cultural Euphemism of Kul?tura: Soviet Nostalgia on the Russia-K Channel -- $tThe Great Patriotic Serial: Penal Battalion (Shtrafbat), Historical Taboos, and the Beginnings of the New National Idea -- $tOrlova and Aleksandrov Redux: The TV Series -- $tPutin-Era Television Productions about Catherine the Great: Active Measures as Period Drama -- $tBetween Pornography and Nostalgia: Valery Todorovsky?s The Thaw (Ottepel?) -- $tThe State of Affairs: Screwing Family Values in Putin?s Russia -- $tGlocalizing Neo-Noir: Iury Bykov?s The Method and Sleepers -- $tQueer Families: Gender, Sexuality, and the Neoliberal State on Russian Television -- $tThe Web Series Bitches (Stervochki) and Post-Legacy Television in Russia -- $tInterviews -- $tTelevision Producer and Showrunner -- $tProducer and Studio Executive -- $tScriptwriter and Film Critic -- $tDirector and Scriptwriter -- $tProducer, Showrunner, and Scriptwriter -- $tContributors -- $tIndex 330 $aThis book examines major Russian TV series focusing on three major issues: Russian television's transition to digital post-broadcast visual economy, Russian television's integration into global television markets and their genre systems, and major shifts in representation of gender and sexuality on television. 410 0$aFilm and media studies (Boston, Mass.) 606 $aTelevision broadcasting$zRussia (Federation)$xHistory 606 $aTelevision series$zRussia (Federation)$xHistory and criticism 610 $aRussia. 610 $aSVoD. 610 $aart. 610 $acable networks. 610 $acontemporary. 610 $aculture. 610 $aentertainment. 610 $afamily. 610 $afilm. 610 $agender. 610 $agenre. 610 $akultura. 610 $amedia. 610 $anationalism. 610 $apatriarchy. 610 $apost-Soviet. 610 $apost-broadcast. 610 $aquality drama. 610 $aqueer studies. 610 $astreaming. 610 $atelevision. 610 $awriting. 615 0$aTelevision broadcasting$xHistory. 615 0$aTelevision series$xHistory and criticism. 676 $a791.450947 702 $aProkhorov$b Alexander$f1965- 702 $aProkhorova$b Elena 702 $aSalys$b Rimgaila 801 0$bMiAaPQ 801 1$bMiAaPQ 801 2$bMiAaPQ 906 $aBOOK 912 $a9910822240003321 996 $aRussian TV Series in the Era of Transition$93956493 997 $aUNINA LEADER 03257nam 22005895 450 001 9910678251303321 005 20251008133710.0 010 $a3-031-11132-X 024 7 $a10.1007/978-3-031-11132-7 035 $a(MiAaPQ)EBC7209269 035 $a(Au-PeEL)EBL7209269 035 $a(CKB)26240815500041 035 $a(DE-He213)978-3-031-11132-7 035 $a(EXLCZ)9926240815500041 100 $a20230303d2023 u| 0 101 0 $aeng 135 $aurcnu|||||||| 181 $ctxt$2rdacontent 182 $cc$2rdamedia 183 $acr$2rdacarrier 200 10$aKey Concepts in Theme Park Studies $eUnderstanding Tourism and Leisure Spaces /$fby Florian Freitag, Filippo Carlà-Uhink, Salvador Anton Clavé 205 $a1st ed. 2023. 210 1$aCham :$cSpringer International Publishing :$cImprint: Springer,$d2023. 215 $a1 online resource (369 pages) 311 08$aPrint version: Freitag, Florian Key Concepts in Theme Park Studies Cham : Springer International Publishing AG,c2023 9783031111310 320 $aIncludes bibliographical references. 327 $aChapter 1. Introduction -- Chapter 2. Attractions -- Chapter 3. Authenticity -- Chapter 4. Economic Strategy -- Chapter 5. History of Theme Parks -- Chapter 6. Immersion -- Chapter 7. Inclusion and Exclusion -- Chapter 8. Industry -- Chapter 9. Labor -- Chapter 10. Media -- Chapter 11. Metatexts and Reception -- Chapter 12. Methods -- Chapter 13. Planning and Layout -- Chapter 14. Space -- Chapter 15. Theming -- Chapter 16. Time -- Chapter 17. Visitors and Customers -- Chapter 18. Worldviews -- Bibliography -- Index. 330 $aThis book offers a comprehensive, multidisciplinary introduction to theme parks and the field of theme park studies. It identifies and discusses relevant economic, social, and cultural as well as medial, historical, and geographical aspects of theme parks worldwide, from the big international theme park chains to smaller, regional, family-operated parks. The book also describes the theories and methods that have been used to study theme parks in various academic disciplines and reviews the major contexts in which theme parks have been studied. By providing the necessary backgrounds, theories, and methods to analyze and understand theme parks both as a business field and as a socio-cultural phenomenon, this book will be a great resource to students, academics from all disciplines interested in theme parks, and professionals and policy-makers in the leisure and entertainment as well as the urban planning sector. 606 $aSociology 606 $aLeisure 606 $aGeography 606 $aHuman geography 606 $aLeisure Studies 606 $aRegional Geography 606 $aHuman Geography 615 0$aSociology. 615 0$aLeisure. 615 0$aGeography. 615 0$aHuman geography. 615 14$aLeisure Studies. 615 24$aRegional Geography. 615 24$aHuman Geography. 676 $a791.068 676 $a791.068 700 $aFreitag$b Florian$01345872 801 0$bMiAaPQ 801 1$bMiAaPQ 801 2$bMiAaPQ 906 $aBOOK 912 $a9910678251303321 996 $aKey concepts in theme park studies$93373531 997 $aUNINA